[Event "Belgrade Trophy 19th"]
[Site "Belgrade"]
[Date "2006.11.23"]
[Round "2"]
[White "Spasojevic, Miodrag"]
[Black "Vasiljevic, Dragan"]
[Result "1-0"]
[WhiteElo "2188"]
[BlackElo "2292"]
[PlyCount "78"]
[EventDate "2006.11.22"]
[EventType "swiss"]
[EventRounds "9"]
[EventCountry "YUG"]
[SourceTitle "CBM 115 Extra"]
[Source "ChessBase"]
[SourceDate "2007.01.10"]
[SourceVersion "1"]
[SourceVersionDate "2007.01.10"]
[SourceQuality "1"]

1. e4 d6 2. d4 g6 3. Nc3 Bg7 4. Nf3 Nd7 5. Be2 a6 6. 0-0 e6 7. Bg5 Ne7 8. Qd2 h6 9. Be3 b6 10. Rad1 Bb7 11. Rfe1 Nf6 12. Qd3 0-0 13. h3 Kh7 14. a3 d5 15. exd5 Nfxd5 16. Nxd5 Nxd5 17. Bc1 Qd6 18. Ne5 Nf6 19. h4 Be4 20. Qd2 c5 21. Nc4 Qc7 22. dxc5 Qxc5 23. c3 Bd5 24. Qe3 Qxe3 25. Bxe3 Bxc4 26. Bxc4 b5 27. Be2 Nd5 28. Bd4 Bxd4 29. Rxd4 Ra7 30. Red1 Rc8 31. a4 Rb8 32. axb5 axb5 33. Bf3 Nb6 34. Rb4 Ra5 35. Be2 Nd5 36. Rb3 Kg7 37. g3 b4 38. Bf3 Nc7 39. Rd7 Na8 1-0

[Event "Belgrade Trophy 17th"]
[Site "Obrenovac"]
[Date "2004.11.24"]
[Round "3"]
[White "Vasiljevic, Dragan"]
[Black "Mateuta, Gabriel"]
[Result "1/2-1/2"]
[WhiteElo "2321"]
[BlackElo "2472"]
[PlyCount "29"]
[EventDate "2004.11.22"]
[EventType "swiss"]
[EventRounds "9"]
[EventCountry "YUG"]
[SourceTitle "CBM 103 Extra"]
[Source "ChessBase"]
[SourceDate "2005.01.01"]
[SourceVersion "1"]
[SourceVersionDate "2005.01.01"]
[SourceQuality "1"]

1. d4 d5 2. Nf3 c6 3. e3 Nf6 4. c4 a6 5. Nc3 b5 6. b3 Bg4 7. Be2 Nbd7 8. 0-0 e6 9. Bb2 Bd6 10. cxd5 exd5 11. Ne5 Bxe2 12. Nxe2 0-0 13. Nf4 Re8 14. Qe2 Ne4 15. Rfc1 1/2-1/2

[Event "SCG-chT Premier League"]
[Site "Belgrade"]
[Date "2004.10.01"]
[Round "7"]
[White "Vasiljevic, Dragan"]
[Black "Asik, Josip"]
[Result "1/2-1/2"]
[WhiteElo "2333"]
[BlackElo "2313"]
[PlyCount "61"]
[EventDate "2004.09.25"]
[EventType "team"]
[EventRounds "9"]
[EventCountry "YUG"]
[SourceTitle "CBM 102 Extra"]
[Source "ChessBase"]
[SourceDate "2004.11.03"]
[SourceVersion "1"]
[SourceVersionDate "2004.11.03"]
[SourceQuality "1"]

1. d4 e6 2. Nf3 Nf6 3. e3 b6 4. Nbd2 Bb7 5. Bd3 Be7 6. 0-0 c5 7. c3 d6 8. e4 cxd4 9. cxd4 a6 10. Re1 Nbd7 11. b3 0-0 12. Bb2 Re8 13. a3 Nf8 14. b4 N6d7 15. Qb3 Rc8 16. a4 Rc7 17. Rac1 Rxc1 18. Rxc1 Qa8 19. b5 a5 20. Ba3 Ng6 21. Re1 Qb8 22. Bf1 Nf6 23. g3 Qa8 24. Bd3 Nd7 25. Nf1 Ngf8 26. N3d2 Bf6 27. Qb2 Qb8 28. Ne3 h5 29. Ndc4 Be7 30. Nd2 Bf6 31. Ndc4 1/2-1/2

[Event "SCG-chT Premier League"]
[Site "Belgrade"]
[Date "2004.09.26"]
[Round "2"]
[White "Pucarevic, Milenko"]
[Black "Vasiljevic, Dragan"]
[Result "1-0"]
[WhiteElo "2296"]
[BlackElo "2333"]
[PlyCount "67"]
[EventDate "2004.09.25"]
[EventType "team"]
[EventRounds "9"]
[EventCountry "YUG"]
[SourceTitle "CBM 102 Extra"]
[Source "ChessBase"]
[SourceDate "2004.11.03"]
[SourceVersion "1"]
[SourceVersionDate "2004.11.03"]
[SourceQuality "1"]

1. e4 e6 2. d4 d5 3. Nd2 Nf6 4. e5 Nfd7 5. Bd3 c5 6. c3 Nc6 7. Ne2 cxd4 8. cxd4 f6 9. exf6 Nxf6 10. 0-0 Bd6 11. Nf3 Qc7 12. g3 0-0 13. Bf4 e5 14. dxe5 Nxe5 15. Nxe5 Bxe5 16. Rc1 Qb8 17. Qb3 Kh8 18. Rfe1 Bg4 19. Qb4 Rf7 20. Bxe5 Qxe5 21. Nf4 a5 22. Rxe5 axb4 23. h3 Bf3 24. Re3 Be4 25. Bxe4 dxe4 26. h4 g6 27. Rb3 Re7 28. Rc4 Rxa2 29. Rcxb4 Ra7 30. Kg2 Kg7 31. Rb6 Ng4 32. Nd5 Rd7 33. Ne3 Nf6 34. g4 1-0

[Event "Serbia-chT2"]
[Site "Belgrade"]
[Date "2003.09.28"]
[Round "2"]
[White "Cvetkovic, Srdjan"]
[Black "Vasiljevic, Dragan"]
[Result "1/2-1/2"]
[WhiteElo "2409"]
[BlackElo "2327"]
[PlyCount "47"]
[EventDate "2003.09.27"]
[EventType "team"]
[EventRounds "9"]
[EventCountry "YUG"]
[SourceTitle "CBM 096 Extra"]
[Source "ChessBase"]
[SourceDate "2003.10.22"]
[SourceVersion "2"]
[SourceVersionDate "2003.10.20"]
[SourceQuality "1"]

1. c4 e6 2. Nf3 d5 3. d4 Nf6 4. Nc3 Be7 5. Bg5 Ne4 6. Bxe7 Qxe7 7. Rc1 0-0 8. e3 Nxc3 9. Rxc3 c6 10. Bd3 dxc4 11. Rxc4 b6 12. 0-0 Bb7 13. Qb1 g6 14. Rfc1 Na6 15. a3 c5 16. Ra4 Nb8 17. dxc5 bxc5 18. Be4 Bxe4 19. Qxe4 Nd7 20. Rac4 Rab8 21. R4c2 Qf6 22. Rd2 Rfd8 23. Qf4 Qxf4 24. exf4 1/2-1/2

[Event "Belgrade Jezero op 09th"]
[Site "Belgrade"]
[Date "2003.08.18"]
[Round "5"]
[White "Popovic, Aleksandar M"]
[Black "Vasiljevic, Dragan"]
[Result "1/2-1/2"]
[WhiteElo "2232"]
[BlackElo "2327"]
[PlyCount "34"]
[EventDate "2003.08.14"]
[EventType "swiss"]
[EventRounds "9"]
[EventCountry "YUG"]
[SourceTitle "EXT 2004"]
[Source "ChessBase"]
[SourceDate "2003.11.25"]
[SourceVersion "1"]
[SourceVersionDate "2003.11.25"]
[SourceQuality "1"]

1. e4 d6 2. d4 Nf6 3. Nc3 e5 4. Nf3 Nbd7 5. h3 c6 6. Be2 b5 7. a3 a6 8. Bg5 Qc7 9. Qd2 Be7 10. Rd1 0-0 11. 0-0 Re8 12. Nh4 exd4 13. Qxd4 Nc5 14. Bc1 d5 15. exd5 cxd5 16. Bf4 Qc6 17. Bf3 Be6 1/2-1/2

[Event "Belgrade tt Cup"]
[Site "Belgrade"]
[Date "2003.04.06"]
[Round "3"]
[White "Vasiljevic, Dragan"]
[Black "Damjanovic, Dragan"]
[Result "1/2-1/2"]
[WhiteElo "2351"]
[BlackElo "2296"]
[PlyCount "100"]
[EventDate "2003.04.04"]
[EventType "team"]
[EventRounds "5"]
[EventCountry "YUG"]
[SourceTitle "CBM 093 Extra"]
[Source "ChessBase"]
[SourceDate "2003.05.09"]
[SourceVersion "1"]
[SourceVersionDate "2003.05.09"]
[SourceQuality "1"]

1. d4 d5 2. Nf3 Nf6 3. c4 c6 4. Nc3 dxc4 5. a4 Bf5 6. e3 e6 7. Bxc4 Bb4 8. 0-0 Nbd7 9. Qe2 Bg6 10. Rd1 0-0 11. Ne5 Qa5 12. Nxg6 hxg6 13. Na2 Be7 14. Bd2 Qh5 15. Qxh5 gxh5 16. b4 Nb6 17. Bb3 a6 18. Nc1 Nbd5 19. Nd3 Ne4 20. Be1 Ndc3 21. Bxc3 Nxc3 22. Rd2 Rfd8 23. Rc2 Nd5 24. Bxd5 Rxd5 25. Rb1 g6 26. Kf1 Kf8 27. Ne5 Ra7 28. Nc4 Bd8 29. Ne5 Be7 30. Ke2 Bf6 31. f4 Bxe5 32. fxe5 Ra8 33. Kd3 Rad8 34. Rc5 Ke7 35. Rf1 Ke8 36. h4 Ke7 37. Ke4 Rg8 38. Kf4 f6 39. Rxd5 exd5 40. exf6+ Kxf6 41. b5 axb5 42. axb5 g5+ 43. hxg5+ Rxg5 44. Rc1 Rxg2 45. bxc6 Rg4+ 46. Kf3 bxc6 47. Rxc6+ Ke7 48. Rh6 Rh4 49. Kg3 Rg4+ 50. Kf3 Rh4 1/2-1/2